Subdivisions of French Africa on a Map - Statistics

General Stats
  • This quiz has been taken 284 times
  • The average score is 15 of 18
Answers on the Map
Answers color-coded by a green-red scale on the quiz's map according to % correct below.
 
Answer Stats
Answer % Correct
Algeria
99%
Chad
99%
French Guinea
98%
Morocco
98%
Senegal
98%
Madagascar
97%
Mauritania
97%
Tunisia
97%
Cameroon
96%
Gabon
96%
Niger
96%
Togo
96%
French Congo
95%
Ivory Coast
92%
French Somaliland
59%
Dahomey
55%
French Sudan
37%
Ubangi-Shari
24%
No matching quizzes found
Score Distribution
Percent of People with Each Score
Percentile by Number Answered
Your Score History
You have not taken this quiz